Světová banka a vývoj jejích strategií v boji proti chudobě

Redukcia chudoby ako priorita a zároveň aj základné hodnotiace kritérium činnosti Svetovej banky. Zameranie Svetovej banky na poskytovanie pôžičiek rozvojovým krajinám v období 50. a 60. rokov (princíp trickle down). 70.roky - zmena v rozvojovej teórii - zaistenie základných životných potrieb chudob...

Description complète

Enregistré dans:
Détails bibliographiques
Auteur principal: Lindner, Tomáš
Autres auteurs: Strnad, Michal
Format: Chapitre de livre
Langue:tchèque
Sujets:
Tags: Ajouter un tag
Pas de tags, Soyez le premier à ajouter un tag!

MARC

LEADER 00000naa$a2200000$$$4500
001 0043653
005 20231016100248.4
041 0 |a cze 
044 |a CZ 
245 1 0 |a Světová banka a vývoj jejích strategií v boji proti chudobě  |c Tomáš Lindner, Michal Strnad 
520 |a Redukcia chudoby ako priorita a zároveň aj základné hodnotiace kritérium činnosti Svetovej banky. Zameranie Svetovej banky na poskytovanie pôžičiek rozvojovým krajinám v období 50. a 60. rokov (princíp trickle down). 70.roky - zmena v rozvojovej teórii - zaistenie základných životných potrieb chudobných ľudí. 80. roky - "stratené desaťročie". Zmena stratégie Svetovej banky v 90. rokoch. Prijatie programu OSN: Rozvojové ciele tisícročia (Millenium development goals). Osem cieľov tohto programu. Princípy najnovšej stratégie Svetovej banky: Poverty reduction strategy papers. 
610 2 0 |a chudoba 
610 2 0 |a redukcia chudoby 
610 2 0 |a pomoc rozvojová 
610 2 0 |a pomoc medzinárodná 
610 2 0 |a úroveň životná 
610 2 0 |a rast hospodársky 
610 2 0 |a pôžičky 
610 2 0 |a organizácie medzinárodné 
610 2 0 |a Svetová banka 
610 2 0 |a spolupráca medzinárodná 
100 1 |a Lindner, Tomáš 
700 1 |a Strnad, Michal